000 00898nam a2200253Ia 4500
003 OSt
005 20220923211650.0
006 a|||||r|||| 00| 0
007 ta
008 220922b |||||||| |||| 00| 0 hin d
024 _a41,870
037 _cTextual
040 _aARTS
_cARTS
_bhin
041 _2hin
_ahin
082 _aO15,1D59,1:g, 152N4 (P15)
100 _aपाठक, कैलाश नाथ
245 0 _aभट्टि और उनका रावणवध महाकाव्य
246 _aBhaṭṭi aur unakā rāvaṇavadh hinākāvya
260 _aदिल्ली
_b परिमल पब्लिकेशन्स
_c1994
300 _a418पृ.
_ccm.
650 _aसंस्कृत साहित्य
942 _hO15,1D59,1:g, 152N4 (P15)
_cTEXL
_2CC
999 _c302368
_d302368